<The> Real and Nominal Convergence

Kvantitatívna analýza konvergencie krajín EU25. Charakteristika procesov reálnej a nominálnej konvergencie. Konvergencia ukazovateľov HDP p.c. v PKS, priemerné tempo rastu HDP a porovnateľná cenová hladina (comparative price level).

Gespeichert in:
Bibliographische Detailangaben
1. Verfasser: Valach, Matej
Format: Buchkapitel
Sprache:Englisch
Schlagworte:
Tags: Tag hinzufügen
Keine Tags, Fügen Sie das erste Tag hinzu!

MARC

LEADER 00000nla a2200000 4500
001 0206094
005 20240604111909.5
041 0 |a eng 
044 |a NL 
245 1 0 |a <The> Real and Nominal Convergence  |c Matej Valach 
520 |a Kvantitatívna analýza konvergencie krajín EU25. Charakteristika procesov reálnej a nominálnej konvergencie. Konvergencia ukazovateľov HDP p.c. v PKS, priemerné tempo rastu HDP a porovnateľná cenová hladina (comparative price level). 
610 2 0 |a analýza kvalitatívna 
610 2 0 |a konvergencia 
610 2 0 |a výkonnosť ekonomiky 
610 2 0 |a rozvoj hospodársky 
100 1 |a Valach, Matej